Rappeurs français par morceau traduit en anglais - Statistiques

Statistiques générales
  • Ce quiz a été pris 1 513 fois
  • Le résultat moyen est 5 sur 15
Statistiques - réponses
Morceau traduit en anglais Artiste % Correct
God never lies Damso
88%
We'll see Nekfeu
68%
Offline Freeze Corleone
45%
So far, so good Booba
39%
See the world burning Laylow
38%
Don't let your son hang NTM
38%
Hennessy is drowning me Hamza
37%
The dark side empire IAM
31%
Cork Kaaris
31%
Everything go away Luv Resval
31%
No peace SCH
29%
No time for regrets Lunatic
17%
Friends from before 13 Block
12%
Fish scales Alkpote
8%
Stealthily Alpha Wann
7%
Aucun quiz correspondant
Distribution des résultats
% des personnes avec chaque résultat
Percentile par nombre de réponses
Votre historique - résultats
Vous n’avez pas pris ce quiz